00667nam a2200241 a 4500001001300000003000900013005001700022008004100039020000800080082001600088100001900104245001800123260004200141300000900183500003500192505001000227650002700237700001900264902000800283942000700291952011200298999001500410nice12345678IN_TiNIC20260116011734.0050524s1972 luca grp 000 0 urd  ac100a232.9bCLA1 aClark, Maureen aHayat-E-Masih aLucknowbHenry Martyn Institutec1972 a119p aincludes index and biblioraphy2 aindex aJesus Christ-Biography1 aClark, Maureen bSRS cBK 001040708StackRoom-aHMIbHMId2007-06-18g1.00l0o232.9 CLA1p07366r2007-06-18v1.00w2005-05-24yBK c3608d3608